| 000 | 02126nam0a2200361 4500 | ||
|---|---|---|---|
| 001 | RU\NLR\BIBL_A\022600540 | ||
| 005 | 20260420052010.0 | ||
| 010 |
_a978-5-9676-1289-3 _9500 |
||
| 021 |
_aRU _bКН-П-25-036480 _9КН-П-25-3583 |
||
| 035 | _a(NLR Aleph) 022600540 | ||
| 090 |
_a13681426 _c13681426 |
||
| 100 | _a20250813d2021 u y0rusy50 ca | ||
| 101 | 0 | _arus | |
| 102 | _aRU | ||
| 105 | _aa j 000yy | ||
| 181 | 0 |
_ai3 _baxxe |
|
| 182 | 0 | _an | |
| 200 | 1 |
_aСопротивление материалов _eучебное пособие _eдля студентов направления подготовки 15.03.03 "Прикладная механика" _f[Н. А. Масленников, Н. Ю. Сойту] _gМинистерство образования и науки Российской Федерации, Санкт-Петербургский государственный архитектурно-строительный университет, Строительный факультет, Кафедра строительной механики |
|
| 203 |
_aТекст _bвизуальный _cнепосредственный |
||
| 210 |
_aСанкт-Петербург _cПетрополис _d2021 |
||
| 215 |
_a238 с. _cил., табл. _d20 |
||
| 300 | _aАвт. указаны на обл. | ||
| 320 | _aБиблиогр.: с. 237 (9 назв.) | ||
| 606 | 1 |
_aСопротивление материалов _jУчебные издания для высших учебных заведений _91104923 _3RU\NLR\AUTH\66115919 |
|
| 686 | 1 | _aЖ121я73-1 | |
| 700 | 1 |
_aМасленников _bН. А. _gНикита Александрович |
|
| 701 | 1 |
_aСойту _bН. Ю. _gНаталья Юрьевна |
|
| 712 | 0 | 2 |
_4570 _aСанкт-Петербургский государственный архитектурно-строительный университет _bКафедра строительной механики _9693638 _3RU\NLR\AUTH\880516520 |
| 942 | _cBOOK | ||
| 980 | _aNB | ||